| 000 | 00855nam a2200229Ia 4500 | ||
|---|---|---|---|
| 003 | GCL | ||
| 008 | 140319s9999 xx 000 0 ara d | ||
| 020 | _a5009399977 | ||
| 040 |
_aGCL / _cGCL |
||
| 082 | 0 | 4 |
_aق _b322.1 _bع ش |
| 100 | 1 | _aعبداللطيف المناوى | |
| 245 | 1 | 0 |
_aشاهد على وقف العنف : _bتحولات الجماعة الإسلامية فى مصر / _cعبداللطيف المناوى |
| 250 | _aالاولى | ||
| 260 |
_aالقاهرة : _bأطلس للنشر والانتاج الاعلامى ، _c2005 |
||
| 300 |
_a352 ص ؛ _c24 سم |
||
| 650 | 0 | 4 | _aالحقوق السياسية |
| 650 | 0 | 4 | _aالسياسيون المصريون |
| 650 | 0 | 4 | _aالسياسة - تاريخ |
| 650 | 0 | 4 | _aمصر - الاحوال السياسية |
| 650 | 0 | 4 | _aالاخوان المسلمون - مصر |
| 942 |
_2ddc _cBK |
||
| 999 |
_c9346 _d9346 |
||